000 00678nam a2200181Ia 4500
008 090123s9999 xx 000 0 und d
082 _b32573
100 _aबोर्गीकर व्यंकटेश
245 _aप्रयोग शाळेतील उंदिर
250 _a1
260 _bप्राजक्ता प्रकाशन
_c2001
300 _a128
600 _aबोर्गीकर व्यंकटेश
630 _aप्रयोग शाळेतील उंदिर
700 _aबोर्गीकर व्यंकटेश
730 _aप्रयोग शाळेतील उंदिर
942 _cBOOK
999 _c70632
_d70632